| 000 -LEADER |
| fixed length control field |
00620cam a22002058i 4500 |
| 003 - CONTROL NUMBER IDENTIFIER |
| control field |
OSt |
| 005 - DATE AND TIME OF LATEST TRANSACTION |
| control field |
20240429200458.0 |
| 008 - FIXED-LENGTH DATA ELEMENTS--GENERAL INFORMATION |
| fixed length control field |
130708s2013 vtu b 001 0 eng |
| 020 ## - INTERNATIONAL STANDARD BOOK NUMBER |
| Cancelled/invalid ISBN |
9781409445234 (pbk) |
| 082 00 - DEWEY DECIMAL CLASSIFICATION NUMBER |
| Classification number |
720.285 |
| Edition number |
23 |
| 100 1# - MAIN ENTRY--PERSONAL NAME |
| Personal name |
Colletti, Marjan, |
| Dates associated with a name |
1972- |
| 245 10 - TITLE STATEMENT |
| Title |
Digital poetics : |
| Remainder of title |
an open theory of design-research in architecture / |
| Statement of responsibility, etc |
by Marjan Colletti. |
| 260 ## - PUBLICATION, DISTRIBUTION, ETC. (IMPRINT) |
| Date of publication, distribution, etc |
2008 |
| 263 ## - PROJECTED PUBLICATION DATE |
| Projected publication date |
1311 |
| 300 ## - PHYSICAL DESCRIPTION |
| Extent |
pages cm. |
| 490 0# - SERIES STATEMENT |
| Series statement |
Design research in architecture |
| 504 ## - BIBLIOGRAPHY, ETC. NOTE |
| Bibliography, etc |
Includes bibliographical references and index. |
| 650 #0 - SUBJECT ADDED ENTRY--TOPICAL TERM |
| Topical term or geographic name as entry element |
Architectural design |
| General subdivision |
Data processing. |
| 942 ## - ADDED ENTRY ELEMENTS (KOHA) |
| Source of classification or shelving scheme |
|